00801nam a22002537a 4500003000500000005001700005008004100022010001000063011001000073020001500083035001100098040000900109082001500118100002400133245012500157260003700282300001100319490003100330500007900361650001800440650003300458700002500491830003100516CHAP20220329143342.0081117s1973 es r 00110 spa d a95386 a96358 a950518042X a107010 cCHAP00a001.4bC151 aCampbell, Donald F.10aDiseños experimentales y cuasiexperimentales en la investigación socialc/por Donald F. Campbell y Julian C. Stanley aBuenos Aires :bAmorrortu,c1973 a158 p. aBiblioteca de Sociología aTraducción de : Experimental and quasi-experimental designs for research14aSociología.14aSociologíaxMetodología.0 aStanley, Julián C.0 aBiblioteca de Sociología